Thinking in numbers / (Record no. 408)

MARC details
000 -LEADER
fixed length control field 00454nam a22001697a 4500
005 - DATE AND TIME OF LATEST TRANSACTION
control field 20230612105208.0
008 - FIXED-LENGTH DATA ELEMENTS--GENERAL INFORMATION
fixed length control field 230612b |||||||| |||| 00| 0 eng d
020 ## - INTERNATIONAL STANDARD BOOK NUMBER
International Standard Book Number 9781444737448
040 ## - CATALOGING SOURCE
Original cataloging agency KMU
Transcribing agency KMU
050 ## - LIBRARY OF CONGRESS CALL NUMBER
Classification number QA 99 Tam
100 ## - MAIN ENTRY--PERSONAL NAME
Personal name Tammet, Daniel
245 ## - TITLE STATEMENT
Title Thinking in numbers /
Statement of responsibility, etc. by Daniel Tammet
260 ## - PUBLICATION, DISTRIBUTION, ETC.
Place of publication, distribution, etc. London :
Name of publisher, distributor, etc. Hodder & Stoughton ,
Date of publication, distribution, etc. 2012 .
300 ## - PHYSICAL DESCRIPTION
Extent 229pages :
Dimensions 18 cm .
650 ## - SUBJECT ADDED ENTRY--TOPICAL TERM
Source of heading or term Oclc
Topical term or geographic name entry element Mathematics
942 ## - ADDED ENTRY ELEMENTS (KOHA)
Source of classification or shelving scheme Library of Congress Classification
Koha item type Non-Fiction
Suppress in OPAC No
Holdings
Withdrawn status Lost status Source of classification or shelving scheme Damaged status Not for loan Collection Home library Current library Shelving location Date acquired Source of acquisition Total Checkouts Full call number Barcode Date last seen Date last checked out Price effective from Koha item type
    Library of Congress Classification     Non-fiction Kapasa Makasa University Kapasa Makasa University Open Access 12.06.2023 Book Aid 1 QA 99 Tam 746037 27.02.2025 13.02.2025 12.06.2023 Non-Fiction